Filosofía de la música del futuro : (Record no. 152764)
[ view plain ]
| 000 -LEADER | |
|---|---|
| fixed length control field | nam a22 7a 4500 |
| 005 - DATE AND TIME OF LATEST TRANSACTION | |
| control field | 20191107114603.0 |
| 008 - FIXED-LENGTH DATA ELEMENTS--GENERAL INFORMATION | |
| fixed length control field | 191107b sp ||||| |||| 00| 0 spa d |
| 020 ## - INTERNATIONAL STANDARD BOOK NUMBER | |
| International Standard Book Number | 9788415274070 |
| 050 04 - LIBRARY OF CONGRESS CALL NUMBER | |
| Classification number | ML410.W19 |
| Item number | P65 2011 |
| 100 1# - MAIN ENTRY--PERSONAL NAME | |
| Personal name | Polo Pujadas, Magda, |
| Dates associated with a name | 1965- |
| 245 10 - TITLE STATEMENT | |
| Title | Filosofía de la música del futuro : |
| Remainder of title | encuentros y desencuentros entre Nietzsche, Wagner y Hanslick / |
| Statement of responsibility, etc | Magda Polo Pujadas |
| 250 ## - EDITION STATEMENT | |
| Edition statement | 1a edición |
| 260 ## - PUBLICATION, DISTRIBUTION, ETC. (IMPRINT) | |
| Place of publication, distribution, etc | Zaragoza : |
| Name of publisher, distributor, etc | Prensas Universitarias de Zaragoza, |
| Date of publication, distribution, etc | 2011 |
| 300 ## - PHYSICAL DESCRIPTION | |
| Extent | 119 p. ; |
| Dimensions | 22 cm. |
| 490 0# - SERIES STATEMENT | |
| Series statement | Humanidades ; |
| Volume number/sequential designation | No 91 |
| 600 1# - SUBJECT ADDED ENTRY--PERSONAL NAME | |
| Personal name | Wagner, Richard, |
| Dates associated with a name | 1813-1883 |
| General subdivision | Crítica e interpretación |
| 600 1# - SUBJECT ADDED ENTRY--PERSONAL NAME | |
| Personal name | Nietzsche, Friedrich Wilhelm, |
| Dates associated with a name | 1844-1900, |
| General subdivision | Filosofía |
| 600 1# - SUBJECT ADDED ENTRY--PERSONAL NAME | |
| Personal name | Hanslick, Eduard, |
| Dates associated with a name | 1825-1904, |
| General subdivision | Crítica e interpretación |
| 650 #4 - SUBJECT ADDED ENTRY--TOPICAL TERM | |
| Topical term or geographic name as entry element | Música, |
| General subdivision | Filosofía y estética -- Historia |
| Chronological subdivision | Siglo XIX |
| 942 ## - ADDED ENTRY ELEMENTS (KOHA) | |
| Source of classification or shelving scheme | Biblioteca del Cogreso de los Estados Unidos |
| Koha item type | Libro |
| Estado de pérdida | Fuente de clasificación | Estado del daño | No para préstamo | Ubicación permanente | Ubicación actual | Apartado o colección | Fecha de adquisición | Edición | Dependencia de educación superior (DES) | Área del conocimiento | Clasificación | Código de Barras | Date last seen | Número de copia | Costo por reposición | Tipo de recurso |
|---|---|---|---|---|---|---|---|---|---|---|---|---|---|---|---|---|
| Biblioteca del Cogreso de los Estados Unidos | Biblioteca de la Facultad de Filosofía | Biblioteca de la Facultad de Filosofía | General | 07/11/2019 | 1a ed. | Humanidades | Educación y Humanidades | ML410.W19 P65 2011 | BFF000033735 | 07/11/2019 | C:1 | 1.00 | Libro |